000 00409nam a2200145Ia 4500
005 20250626033038.0
008 240331s9999 xx 000 0 und d
082 _bJAY
_a362
100 _aJayawardena,K
245 0 _aLibaralwadaya saha stree aragalaya
260 _aColombo
_bSamanatha Medical College ( Education Unit)
_c1985
300 _a39 p.,
500 _aLiberalism and the Women's Movement
942 _cL
999 _c3238
_d3238